000 00693nab a22002297a 4500
001 23749
003 HDC
007 cr bn ---aaaaa
008 210128c20140404my ||||| |||| 00| 0 may d
040 _aHDC
245 0 _aPPNJ pelawa jadi ejen produknya
336 _atext
_2rdacontent
337 _acomputer
_2rdamedia
338 _aonline resource
_2rdacarrier
650 _aAgent
_920142
650 _aFood product
_92283
710 _aUtusan Malaysia
856 _zRequest full-text at [email protected]
942 _2lcc
942 _cNEWS
942 _kNWSC 008178
999 _c21065
_d21065